| 000 | 00531nam a2200229Ia 4500 | ||
|---|---|---|---|
| 008 | 170918s9999 xx 000 0 und d | ||
| 020 | _a9780545230926 | ||
| 050 | _bW549w 2011 | ||
| 100 | _aWeyn, Suzanne | ||
| 245 | _aWildwood stables : | ||
| 245 | _btaking the leap / | ||
| 245 | _cby Suzanne Weyn. | ||
| 260 | _aNew York : | ||
| 260 | _bScholastic, | ||
| 260 | _c2011 | ||
| 300 | _a162 pages : | ||
| 300 | _billustrations ; | ||
| 300 | _c19cm. | ||
| 300 | _eWildwood stables ; | ||
| 440 | _a6 | ||
| 500 | _a760 | ||
| 999 |
_c344221 _d344221 |
||